000
00285nam a2200121Ia 4500
008
241002s9999 xx 000 0 und d
082
_a
153.8 BIN
100
_a
Bindra Dalbin
245
0
_a
Motivation selected readings
260
_a
London:
_c
1966
600
_a
Philosophy
942
_c
UC
999
_c
18779
_d
18779